Responses for Show #8384 - Thursday, April 22, 2021

Champion's winnings & consolation amounts matched to Hospital Albert Schweitzer in Haiti.

Contestants

[<< previous game]

Kelly Donohue, a bank examiner from Winthrop, Massachusetts

Monica St. Dennis, a librarian from Alexandria, Virginia

Mike Nelson, an actor originally from Chesterton, Indiana (whose 3-day cash winnings total $55,000)

[next game >>]

Jeopardy! Round responses

ISLANDS IN THE GROUP
TRIBUTE BANDS
FOREIGN WORDS & PHRASES
WHAT'S FOR LUNCH?
5 FIRST DATES
SECRETS OF THE WHALES
(Anderson: The series premieres today on Disney+.)
    $200 9
the Channel Islands

Monica
    $200 19
Judas Priest

Kelly
    $200 8
the head

Mike
    $200 4
a lobster

Kelly
    $200 21
Emily Blunt

Kelly
    $200 26
Antarctica

Monica
    $400 10
the Falklands

Kelly
    $400 15
Joy Division

Monica
    $400 16
(Mike: What is Ciao?)

Arrivederci

MikeMonica
    $400 5
raw

Kelly
    $400 22
Prince Harry & Meghan Markle

Kelly
    $400 27
courting

Kelly
    $600 11
the Shetlands

Mike
    $600 14
The Killers

Mike
    $600 17
kismet

Monica
    $600 6
(Mike: What is paella?)

arroz con pollo

Mike
Triple Stumper
    $600 23
Barack & Michelle Obama

Mike
    $600 28
molt

Mike
    $800 12
Cayman

Mike
    $800 2
Phil Collins & Genesis

Kelly
    $800 18
pas de deux

Mike
    $800 7
papaya

Kelly
    $800 24
Bruce Lee

Mike
    $800 29
the orcas

Mike
    $1,000 13
(Mike: What is... don't know.)

the Solomon Islands

Mike
    $1000 1
U2

Mike
    $1000 20
taverna

Triple Stumper
    $1000 3
almonds

Monica
    $1000 25
(Charles) Lindbergh

Kelly
    $1000 30
(Kelly: What is kelp?)

sargasso

MonicaKelly

Scores at the first commercial break (after clue 15):

Mike Monica Kelly
$1,600 $1,600 $2,600

Scores at the end of the Jeopardy! Round:

Mike Monica Kelly
$4,800 $3,800 $3,800

Double Jeopardy! Round responses

PREMIERE EPISODES
MYTHOLOGICAL IDIOMS
KNOWN BY THEIR INITIALS
FICTIONAL PICKERS
RATHER ODD NUMBERS
"A" PLACE IN HISTORY
    $400 26
the Gilmore Girls

Kelly
    $400 1
[Monica selected the first clue per "the rules".]

your Achilles heel

Mike
    $400 2
J.J. Watt

Mike
    $400 13
Tess

Monica
    $400 12
nine innings

Mike
    $400 7
Athens

Monica
    $5,000 27
Antiques Roadshow

Kelly
    $800 18
Pandora's box

Mike
    $800 3
(Kelly: What is... uh...)

I.M. Pei

MikeKelly
    $800 14
(John) Grisham

Mike
    $800 22
(Mike: What is an area code?)

911

MikeKelly
    $800 8
Abbottabad

Kelly
    $1200 28
How to Get Away with Murder

Triple Stumper
    $2,500 19
(Mike: What is... Hellenic?)

a face that launched a thousand ships

Mike
    $1200 4
J.P. Morgan

Mike
    $1200 15
grape pickers

Monica
    $1200 23
[ERRATUM: The clue's wording had two commas after the first "mg".]

aspirin

Kelly
    $1200 9
Actium

Triple Stumper
    $1600 29
Anna Kendrick

Triple Stumper
    $1600 20
Athena

Kelly
    $1600 5
H.P. Lovecraft

Monica
    $1600 16
apples

Kelly
    $1600 24
(Mike: What is [*] Palms?)

29

Mike
    $1600 10
Aachen

Kelly
    $2000 30
Prison Break

Mike
    $2000 21
the sword of Damocles

Monica
    $2000 6
T.E. Lawrence

Kelly
    $2000 17
potatoes

Monica
    $2000 25
a cassock

Monica
    $2000 11
Anjou

Triple Stumper

Scores at the end of the Double Jeopardy! Round:

Mike Monica Kelly
$9,900 $13,400 $18,000

[wagering suggestions for these scores]

Final Jeopardy! Round responses

CONTINENTAL GEOGRAPHY
(Anderson: Named obviously for its resemblance to a rhino's horn in East Africa.)
MikeWhat is the Horn of Africa?
$3,501
MonicaWhat is the Horn of Africa?
$13,000
KellyWhat is the Horn of Africa?
$8,801
the Horn of Africa

Final scores:

Mike Monica Kelly
$13,401 $26,400 $26,801
3rd place: $1,000 2nd place: $2,000 New champion: $26,801

Game dynamics:

Coryat scores:

Mike Monica Kelly
$13,400 $13,400 $13,800
19 R,
5 W
(including 2 DDs)
14 R,
0 W
19 R
(including 1 DD),
2 W

Combined Coryat: $40,600

[game clues] [game scores] [suggest correction]

Game tape date: 2021-02-23
The J! Archive is created by fans, for fans. Scraping, republication, monetization, and malicious use prohibited; this site may use cookies and collect identifying information. See terms. The Jeopardy! game show and all elements thereof, including but not limited to copyright and trademark thereto, are the property of Jeopardy Productions, Inc. and are protected under law. This website is not affiliated with, sponsored by, or operated by Jeopardy Productions, Inc. Join the discussion at JBoard.tv.